[Event "National Elementary Championship"]
[Site "Columbus, Ohio, United States"]
[Date "2022.05.14"]
[Round "3.20"]
[White "Tao, Jeremy"]
[Black "Hanke, Harvey"]
[Result "1/2-1/2"]
[TimeControl "G/90;d5"]
[WhiteElo "1424"]
[BlackElo "1728"]

1. e4 {[%clk 01:30:00]} e5 {[%clk 01:30:00]} 2. Nf3 {[%clk 01:30:00]} {[%emt
00:00:40]} Nc6 {[%clk 01:30:00]} 3. d4 {[%clk 01:30:00]} exd4 4. Nxd4 {[%clk
01:30:00]} Bc5 {[%clk 01:29:56]} 5. Be3 {[%clk 01:30:00]} Qf6 {[%clk 01:29:56]}
{[%emt 00:00:04]} 6. c3 {[%clk 01:30:00]} Nge7 {[%clk 01:29:56]} {[%emt
00:00:04]} 7. Bc4 {[%clk 01:30:00]} {[%emt 00:00:11]} Ne5 {[%clk 01:29:54]}
{[%emt 00:00:09]} 8. Bb3 {[%clk 01:30:00]} Qg6 {[%clk 01:29:54]} 9. O-O {[%clk
01:29:42]} {[%emt 00:00:38]} d5 {[%clk 01:29:39]} {[%emt 00:00:10]} 10. f3
{[%clk 01:27:00]} {[%emt 00:02:44]} dxe4 {[%clk 01:25:15]} {[%emt 00:04:17]} 11.
fxe4 {[%clk 01:23:54]} {[%emt 00:03:25]} O-O {[%clk 01:23:02]} {[%emt
00:02:10]} 12. Nd2 {[%clk 01:23:22]} {[%emt 00:00:39]} Bg4 {[%clk 01:20:19]}
{[%emt 00:02:39]} 13. Qc2 {[%clk 01:20:31]} {[%emt 00:02:57]} Bh3 {[%clk
01:15:21]} {[%emt 00:05:23]} 14. N2f3 {[%clk 01:19:15]} {[%emt 00:01:35]} Nxf3+
{[%clk 01:10:09]} {[%emt 00:04:45]} 15. Rxf3 {[%clk 01:19:01]} {[%emt
00:00:26]} Bd7 {[%clk 01:08:58]} {[%emt 00:01:06]} 16. Raf1 {[%clk 01:17:25]}
{[%emt 00:01:43]} Be6 {[%clk 01:07:06]} {[%emt 00:02:16]} 17. Nxe6 {[%clk
01:16:05]} {[%emt 00:01:20]} Bxe3+ {[%clk 01:06:55]} {[%emt 00:00:07]} 18. Rxe3
{[%clk 01:16:00]} {[%emt 00:00:06]} fxe6 {[%clk 01:06:39]} {[%emt 00:00:17]} 19.
Ref3 {[%clk 01:14:09]} {[%emt 00:02:01]} Rxf3 {[%clk 01:05:09]} {[%emt
00:01:34]} 20. Rxf3 {[%clk 01:14:00]} {[%emt 00:00:12]} Nc6 {[%clk 01:03:47]}
{[%emt 00:02:06]} 21. Rg3 {[%clk 01:10:47]} {[%emt 00:02:40]} Qf6 {[%clk
01:02:45]} {[%emt 00:01:36]} 22. Rf3 {[%clk 01:07:10]} {[%emt 00:03:11]} Qe7
{[%clk 00:54:59]} {[%emt 00:08:01]} 23. Qe2 {[%clk 01:00:47]} {[%emt 00:06:16]}
Ne5 {[%clk 00:49:55]} {[%emt 00:05:06]} 24. Rh3 {[%clk 00:56:48]} {[%emt
00:04:09]} Rf8 {[%clk 00:49:32]} {[%emt 00:00:31]} 25. Re3 {[%clk 00:52:54]}
{[%emt 00:04:07]} a6 {[%clk 00:42:31]} {[%emt 00:06:53]} 26. h3 {[%clk
00:49:52]} {[%emt 00:03:09]} Qf6 {[%clk 00:41:38]} {[%emt 00:01:01]} 27. Qe1
{[%clk 00:41:58]} {[%emt 00:07:53]} c5 {[%clk 00:40:16]} {[%emt 00:01:28]} 28.
Qe2 {[%clk 00:40:16]} {[%emt 00:01:47]} c4 {[%clk 00:39:52]} {[%emt 00:00:44]}
29. Bc2 {[%clk 00:40:06]} {[%emt 00:00:03]} Qf4 {[%clk 00:39:07]} {[%emt
00:00:44]} 30. g3 {[%clk 00:38:46]} {[%emt 00:01:27]} Qh6 {[%clk 00:38:40]}
{[%emt 00:00:36]} 31. Kg2 {[%clk 00:38:28]} {[%emt 00:00:19]} Qg5 {[%clk
00:37:40]} {[%emt 00:01:03]} 32. h4 {[%clk 00:37:48]} {[%emt 00:00:55]} Qg6
{[%clk 00:36:52]} {[%emt 00:00:53]} 33. Kh3 {[%clk 00:37:26]} {[%emt 00:00:22]}
h5 {[%clk 00:36:47]} {[%emt 00:00:08]} 34. a3 {[%clk 00:35:43]} {[%emt
00:01:48]} Qf7 {[%clk 00:36:39]} {[%emt 00:00:15]} 35. Kg2 {[%clk 00:35:18]}
{[%emt 00:01:03]} Qf6 {[%clk 00:35:09]} {[%emt 00:01:04]} 36. a4 {[%clk
00:34:09]} {[%emt 00:01:09]} g6 {[%clk 00:33:39]} {[%emt 00:01:48]} 37. b3
{[%clk 00:33:14]} {[%emt 00:00:46]} b5 {[%clk 00:33:28]} {[%emt 00:00:21]} 38.
b4 {[%clk 00:32:03]} {[%emt 00:01:11]} Qe7 {[%clk 00:32:57]} {[%emt 00:00:39]}
39. a5 {[%clk 00:31:33]} {[%emt 00:00:33]} Qh7 {[%clk 00:32:30]} {[%emt
00:00:33]} 40. Kh3 {[%clk 00:30:46]} {[%emt 00:01:00]} Qh6 {[%clk 00:31:03]}
{[%emt 00:01:23]} 41. Qd2 {[%clk 00:27:44]} {[%emt 00:03:09]} g5 {[%clk
00:30:39]} {[%emt 00:00:27]} 42. Re2 {[%clk 00:25:25]} {[%emt 00:02:30]} Nf3
{[%clk 00:29:49]} {[%emt 00:00:50]} 43. Qe3 {[%clk 00:24:53]} {[%emt 00:00:43]}
g4+ {[%clk 00:29:33]} {[%emt 00:00:39]} 44. Kg2 {[%clk 00:24:48]} {[%emt
00:00:27]} Qxe3 {[%clk 00:28:37]} {[%emt 00:00:24]} 45. Rxe3 {[%clk 00:24:48]}
{[%emt 00:00:04]} Rd8 {[%clk 00:28:31]} {[%emt 00:00:22]} 46. Re2 {[%clk
00:24:21]} {[%emt 00:00:20]} e5 {[%clk 00:28:21]} {[%emt 00:00:19]} 47. Kf2
{[%clk 00:23:31]} {[%emt 00:00:54]} Kf7 {[%clk 00:27:51]} {[%emt 00:00:29]} 48.
Ke3 {[%clk 00:23:22]} {[%emt 00:00:13]} Ke6 {[%clk 00:27:41]} {[%emt 00:00:15]}
49. Kf2 {[%clk 00:22:27]} {[%emt 00:00:59]} Rd2 {[%clk 00:24:52]} {[%emt
00:02:57]} 50. Rxd2 {[%clk 00:22:26]} {[%emt 00:00:06]} Nxd2 {[%clk 00:24:48]}
{[%emt 00:00:09]} 51. Ke2 {[%clk 00:21:52]} {[%emt 00:01:04]} Nf3 {[%clk
00:24:30]} {[%emt 00:00:08]} 52. Kf2 {[%clk 00:21:34]} 1/2-1/2